[Event "Titled Tue 17th Jun Early"]
[Site "chess.com INT"]
[Date "2025.06.17"]
[Round "2"]
[White "Rustemov, Alexander"]
[Black "Kukushkin, Ivan"]
[Result "1-0"]
[WhiteTitle "GM"]
[BlackTitle "CM"]
[WhiteElo "2525"]
[BlackElo "2008"]
[WhiteFideId "4119002"]
[BlackFideId "11634103"]
[EventDate "2025.06.17"]

1. d4 d5 2. c4 e6 3. Nc3 Nf6 4. Nf3 Nbd7 5. Bg5 Be7 6. e3 O-O 7. Qc2 h6 8. Bh4
c6 9. Rc1 b6 10. cxd5 cxd5 11. Bd3 Bb7 12. O-O Rc8 13. Qe2 Ne4 14. Bxe7 Nxc3 15.
Rxc3 Qxe7 16. Rfc1 Rxc3 17. Rxc3 Rc8 18. Rxc8+ Bxc8 19. Qc2 Qd8 20. Qc6 Nb8 21.
Qa4 Qc7 22. Qe8# 1-0

[Event "Titled Tue 17th Jun Early"]
[Site "chess.com INT"]
[Date "2025.06.17"]
[Round "2"]
[White "Guerrero Cataldo, Juan Andres"]
[Black "Jakovljevic, Dejan"]
[Result "0-1"]
[WhiteTitle "CM"]
[BlackTitle "CM"]
[WhiteElo "2082"]
[BlackElo "1956"]
[WhiteFideId "3421260"]
[BlackFideId "949418"]
[EventDate "2025.06.17"]

1. e4 e6 2. d4 d5 3. Bd3 Nf6 4. Nd2 c5 5. c3 Nc6 6. Ngf3 cxd4 7. cxd4 Nb4 8.
Bb5+ Bd7 9. Bxd7+ Qxd7 10. e5 Nd3+ 11. Ke2 Qb5 12. Qb3 Nxc1+ 13. Kd1 Nxb3 14.
axb3 Ne4 15. Nxe4 dxe4 16. Nd2 O-O-O 17. Rc1+ Kb8 18. Rc4 Bb4 19. Nxe4 Qxe5 20.
Re1 Rxd4+ 21. Nd2 Rxd2+ 0-1

[Event "Titled Tue 17th Jun Early"]
[Site "chess.com INT"]
[Date "2025.06.17"]
[Round "2"]
[White "Bok, Benjamin"]
[Black "Gong, Qianyun"]
[Result "1-0"]
[WhiteTitle "GM"]
[BlackTitle "WGM"]
[WhiteElo "2582"]
[BlackElo "2228"]
[WhiteFideId "1017063"]
[BlackFideId "8602425"]
[EventDate "2025.06.17"]

1. d4 d5 2. c4 c6 3. cxd5 cxd5 4. Nf3 Nf6 5. Nc3 Nc6 6. Bf4 a6 7. Rc1 Bf5 8. e3
Rc8 9. Be2 e6 10. O-O Bd6 11. Bxd6 Qxd6 12. Qb3 b5 13. a4 b4 14. Bxa6 Rb8 15.
Nb5 Qd7 16. Ne5 Nxe5 17. dxe5 Ne4 18. Qxb4 Qe7 19. Nd6+ Qxd6 20. Bb5+ 1-0

[Event "Titled Tue 17th Jun Early"]
[Site "chess.com INT"]
[Date "2025.06.17"]
[Round "2"]
[White "Aarit Kapil"]
[Black "Malikova, Marjona"]
[Result "1-0"]
[WhiteTitle "CM"]
[BlackTitle "WIM"]
[WhiteElo "2078"]
[BlackElo "2055"]
[WhiteFideId "33408947"]
[BlackFideId "14212463"]
[EventDate "2025.06.17"]

1. e4 e6 2. d4 d5 3. Nc3 Nf6 4. Bg5 dxe4 5. Nxe4 Be7 6. Nxf6+ Bxf6 7. Bxf6 Qxf6
8. Nf3 O-O 9. Bd3 c5 10. c3 cxd4 11. cxd4 Nc6 12. Be4 Bd7 13. O-O h6 14. Rc1
Rfd8 15. Re1 Be8 16. Rc4 Rab8 17. Qd2 Ne7 18. Qc2 Bc6 19. Ne5 Bd5 20. Rc7 Rbc8
21. Bxd5 Nxd5 22. Rxc8 Rxc8 23. Qxc8+ Kh7 24. Nd7 Qxd4 25. Nf8+ Kg8 26. Nxe6+ 1-0

[Event "Titled Tue 17th Jun Early"]
[Site "chess.com INT"]
[Date "2025.06.17"]
[Round "2"]
[White "Dumanuly, Sultanbeibarys"]
[Black "Fomevor, Cephas Clinton"]
[Result "1-0"]
[WhiteTitle "FM"]
[BlackTitle "CM"]
[WhiteElo "2212"]
[BlackElo "1883"]
[WhiteFideId "13731963"]
[BlackFideId "12601330"]
[EventDate "2025.06.17"]

1. e4 c5 2. Nf3 Nc6 3. d4 cxd4 4. Nxd4 Nf6 5. Nc3 e5 6. Ndb5 d6 7. Bg5 a6 8. Na3
b5 9. Nd5 Be7 10. Bxf6 Bxf6 11. c4 b4 12. Nc2 O-O 13. Be2 a5 14. O-O Bg5 15. Qd3
Be6 16. Rfd1 f5 17. Bf3 g6 18. b3 Rc8 19. a3 Rb8 20. axb4 axb4 21. Ra4 Bxd5 22.
Qxd5+ 1-0

[Event "Titled Tue 17th Jun Early"]
[Site "chess.com INT"]
[Date "2025.06.17"]
[Round "2"]
[White "Tekeyev, Zaur"]
[Black "Manon-og, Ramon Jr."]
[Result "1-0"]
[WhiteTitle "IM"]
[WhiteElo "2407"]
[BlackElo "1913"]
[WhiteFideId "4199731"]
[BlackFideId "5200776"]
[EventDate "2025.06.17"]

1. e4 c5 2. Nf3 d6 3. d4 cxd4 4. Nxd4 Nf6 5. Nc3 a6 6. Nb3 e5 7. Bg5 Be7 8. Bxf6
Bxf6 9. Qd3 Be6 10. O-O-O Be7 11. Nd5 Bxd5 12. Qxd5 Nc6 13. Kb1 Qb6 14. g3 Qxf2
15. Bc4 O-O 16. Rdf1 Qe3 17. Rxf7 Kh8 18. Rhf1 h6 19. Rxf8+ Bxf8 20. Qg8# 1-0

[Event "Titled Tue 17th Jun Early"]
[Site "chess.com INT"]
[Date "2025.06.17"]
[Round "2"]
[White "Sreyas, Payyappat"]
[Black "Papaioannou, Dimitrios"]
[Result "0-1"]
[WhiteTitle "FM"]
[BlackTitle "CM"]
[WhiteElo "2107"]
[BlackElo "2206"]
[WhiteFideId "46674969"]
[BlackFideId "25865137"]
[EventDate "2025.06.17"]

1. e4 c5 2. Nf3 d6 3. d4 cxd4 4. Nxd4 Nf6 5. Nc3 a6 6. h4 e5 7. Nb3 Be6 8. f4
Nc6 9. f5 Bxb3 10. axb3 h5 11. Bg5 Be7 12. Be2 Nd4 13. Bxf6 Bxf6 14. Bxh5 Bxh4+
15. Kf1 Qg5 16. Bg4 Qe3 17. Rxh4 Rxh4 0-1

[Event "Titled Tue 17th Jun Early"]
[Site "chess.com INT"]
[Date "2025.06.17"]
[Round "2"]
[White "Lyakh, Vasiliy"]
[Black "Cherepov, Alexej"]
[Result "1-0"]
[BlackTitle "CM"]
[WhiteElo "2123"]
[BlackElo "2083"]
[WhiteFideId "14189828"]
[BlackFideId "13503650"]
[EventDate "2025.06.17"]

1. d4 d5 2. c4 dxc4 3. e3 Be6 4. Nd2 c5 5. Ngf3 Nc6 6. Nxc4 Nf6 7. Be2 cxd4 8.
exd4 Bd5 9. O-O e6 10. Ne3 Be7 11. Nxd5 Nxd5 12. a3 O-O 13. Re1 Rc8 14. Bd3 Nf6
15. Bf4 Qd5 16. Rc1 Rfd8 17. Bg5 Nxd4 18. Rxc8 Nxf3+ 19. Qxf3 Qxf3 20. Rxd8+
Bxd8 21. gxf3 1-0

[Event "Titled Tue 17th Jun Early"]
[Site "chess.com INT"]
[Date "2025.06.17"]
[Round "2"]
[White "Malek, Jan"]
[Black "Karpenko, Anton"]
[Result "1-0"]
[WhiteTitle "GM"]
[BlackTitle "CM"]
[WhiteElo "2505"]
[BlackElo "2219"]
[WhiteFideId "21864080"]
[BlackFideId "34374353"]
[EventDate "2025.06.17"]

1. c4 Nf6 2. Nc3 c5 3. g3 d5 4. cxd5 Nxd5 5. Bg2 e6 6. Nxd5 exd5 7. d4 Be6 8.
Nf3 Nc6 9. O-O h6 10. b3 Be7 11. Bb2 O-O 12. dxc5 Bxc5 13. Rc1 Bb6 14. Qd2 Qd6
15. Rfd1 Rad8 16. Nd4 Rfe8 17. e3 Bg4 18. Re1 Ne5 19. f4 Bxd4 20. Qxd4 f6 21.
fxe5 fxe5 22. Qxg4 1-0

[Event "Titled Tue 17th Jun Early"]
[Site "chess.com INT"]
[Date "2025.06.17"]
[Round "2"]
[White "Mordechai, Hanan"]
[Black "Ter-Sahakyan, Samvel"]
[Result "0-1"]
[WhiteTitle "FM"]
[BlackTitle "GM"]
[WhiteElo "2311"]
[BlackElo "2611"]
[WhiteFideId "2804166"]
[BlackFideId "13302531"]
[EventDate "2025.06.17"]

1. Nf3 d5 2. g3 g6 3. Bg2 Bg7 4. O-O e5 5. c4 d4 6. d3 Ne7 7. b4 O-O 8. a4 h6 9.
b5 Re8 10. Ba3 Nf5 11. Nbd2 Nd7 12. c5 Nf6 13. Rc1 Nd5 14. Nc4 Nc3 15. Qc2 e4
16. Nfd2 Nxe2+ 17. Kh1 e3 18. Rce1 exd2 0-1

[Event "Titled Tue 17th Jun Early"]
[Site "chess.com INT"]
[Date "2025.06.17"]
[Round "2"]
[White "Paravyan, David"]
[Black "Ismagilov, Damir"]
[Result "1/2-1/2"]
[WhiteTitle "GM"]
[BlackTitle "CM"]
[WhiteElo "2589"]
[BlackElo "2173"]
[WhiteFideId "4194985"]
[BlackFideId "34199982"]
[EventDate "2025.06.17"]

1. d4 Nf6 2. c4 e6 3. Nc3 Bb4 4. e3 O-O 5. Bd3 d5 6. a3 dxc4 7. Bxc4 Bd6 8. Nf3
Nc6 9. O-O e5 10. h3 h6 11. Ba2 a6 12. Re1 exd4 13. exd4 Bf5 14. Be3 Qd7 15. d5
Ne7 16. Bd4 Ng6 17. Bxf6 gxf6 18. Nd4 Bxh3 19. gxh3 Qxh3 20. Qf3 Bh2+ 21. Kh1
Bg3+ 22. Kg1 Bh2+ 23. Kh1 Bg3+ 24. Kg1 Bh2+ 1/2-1/2

[Event "Titled Tue 17th Jun Early"]
[Site "chess.com INT"]
[Date "2025.06.17"]
[Round "2"]
[White "Moksh, Amit Doshi"]
[Black "Andreikin, Dmitry"]
[Result "0-1"]
[WhiteTitle "IM"]
[BlackTitle "GM"]
[WhiteElo "2366"]
[BlackElo "2695"]
[WhiteFideId "25064967"]
[BlackFideId "4158814"]
[EventDate "2025.06.17"]

1. d4 Nf6 2. c4 e6 3. Nc3 Bb4 4. Qc2 O-O 5. a3 Bxc3+ 6. Qxc3 b6 7. Bg5 Bb7 8. e3
d6 9. f3 Nbd7 10. Bd3 c5 11. Ne2 Rc8 12. O-O cxd4 13. Qxd4 Ne5 14. Rac1 h6 15.
Bh4 Qe7 16. Bb1 Rfd8 17. Rfd1 Bxf3 18. Rd2 Ba8 19. Bg3 Qb7 20. Nf4 Nxc4 21. Rxc4
e5 22. Rxc8 Rxc8 23. Qxd6 exf4 24. Bf5 Rc1+ 25. Kf2 Qxg2# 0-1

[Event "Titled Tue 17th Jun Early"]
[Site "chess.com INT"]
[Date "2025.06.17"]
[Round "2"]
[White "Gurel, Ediz"]
[Black "Krawczyk, Flawian"]
[Result "1-0"]
[WhiteTitle "GM"]
[BlackTitle "CM"]
[WhiteElo "2636"]
[BlackElo "2247"]
[WhiteFideId "44507356"]
[BlackFideId "21881413"]
[EventDate "2025.06.17"]

1. Nf3 Nf6 2. b3 g6 3. Bb2 Bg7 4. e3 O-O 5. Be2 d6 6. d4 c5 7. O-O cxd4 8. Nxd4
Nbd7 9. c4 Qc7 10. Nc3 a6 11. Rc1 b6 12. Nd5 Nxd5 13. cxd5 Qb7 14. Qd2 Nf6 15.
Nc6 Bf5 16. Bf3 Rfc8 17. e4 Nxe4 18. Bxe4 Bxb2 19. Bxf5 e6 20. Qxb2 1-0

[Event "Titled Tue 17th Jun Early"]
[Site "chess.com INT"]
[Date "2025.06.17"]
[Round "2"]
[White "Gubajdullin, Alexei"]
[Black "Kourkoulos-Arditis, Stamatis"]
[Result "1-0"]
[WhiteTitle "FM"]
[BlackTitle "GM"]
[WhiteElo "2233"]
[BlackElo "2580"]
[WhiteFideId "4141202"]
[BlackFideId "4221990"]
[EventDate "2025.06.17"]

1. Nf3 d5 2. g3 b6 3. Bg2 Bb7 4. O-O e6 5. d3 Nf6 6. Nbd2 c5 7. e4 Nc6 8. e5 Nd7
9. Re1 Qc7 10. Qe2 Be7 11. Nf1 Nd4 12. Nxd4 cxd4 13. Bf4 g5 14. Bd2 Qxc2 15.
Rac1 Qxb2 16. Rc7 Ba6 17. Bxd5 Rd8 18. Rxa7 Nc5 19. Bc6+ Kf8 20. Qh5 h6 21. Bxg5
Bb7 22. Bxe7+ Kxe7 23. Qh4+ 1-0

[Event "Titled Tue 17th Jun Early"]
[Site "chess.com INT"]
[Date "2025.06.17"]
[Round "2"]
[White "Carroll, Thomas"]
[Black "Weetik, Vjacheslav"]
[Result "0-1"]
[BlackTitle "FM"]
[WhiteElo "2131"]
[BlackElo "2423"]
[WhiteFideId "450111"]
[BlackFideId "4153472"]
[EventDate "2025.06.17"]

1. d4 d5 2. Nf3 Nf6 3. Bf4 c5 4. e3 Nc6 5. Nbd2 e6 6. c3 Nh5 7. Bd3 Nxf4 8. exf4
Qb6 9. dxc5 Qxb2 10. O-O Bxc5 11. c4 O-O 12. cxd5 exd5 13. Rc1 Bb6 14. Re1 g6
15. Bb1 Bg4 16. Rc2 Qf6 17. h3 Bf5 18. Rb2 Bxb1 19. Nxb1 Qxb2 0-1

[Event "Titled Tue 17th Jun Early"]
[Site "chess.com INT"]
[Date "2025.06.17"]
[Round "2"]
[White "Sadubayev, Airat"]
[Black "Bacus, Dharim"]
[Result "1-0"]
[WhiteTitle "FM"]
[BlackTitle "FM"]
[WhiteElo "2211"]
[BlackElo "2131"]
[WhiteFideId "13713264"]
[BlackFideId "5201527"]
[EventDate "2025.06.17"]

1. d4 Nf6 2. c4 e6 3. Nf3 d5 4. g3 c6 5. Bg2 Be7 6. O-O O-O 7. Nc3 b6 8. Qd3 Bb7
9. b3 Nbd7 10. Rd1 c5 11. cxd5 Nxd5 12. Nxd5 Bxd5 13. e4 Bb7 14. d5 exd5 15.
exd5 Bd6 16. Ng5 Nf6 17. Bb2 g6 18. Qc3 h6 19. Ne4 1-0

[Event "Titled Tue 17th Jun Early"]
[Site "chess.com INT"]
[Date "2025.06.17"]
[Round "2"]
[White "Rodriguez, Santiago"]
[Black "Danzer, George"]
[Result "1-0"]
[WhiteTitle "CM"]
[BlackTitle "CM"]
[WhiteElo "2252"]
[BlackElo "2172"]
[WhiteFideId "3000591"]
[BlackFideId "4659465"]
[EventDate "2025.06.17"]

1. e4 c5 2. Nf3 d6 3. c3 Nf6 4. Bd3 Nc6 5. O-O e5 6. Bc2 Be7 7. h3 O-O 8. d4 Rb8
9. dxe5 dxe5 10. Bg5 Qc7 11. Nbd2 Rd8 12. Qe2 Nh5 13. Be3 Nf4 14. Bxf4 exf4 15.
a4 Bf6 16. Nc4 b6 17. e5 Re8 18. Qe4 g6 19. Qxf4 Bxe5 20. Nfxe5 Nxe5 21. Rfe1 f6
22. Qxf6 1-0

[Event "Titled Tue 17th Jun Early"]
[Site "chess.com INT"]
[Date "2025.06.17"]
[Round "2"]
[White "Myagmarsuren, Evsuld"]
[Black "Masague Artero, Guerau"]
[Result "0-1"]
[WhiteTitle "FM"]
[BlackTitle "FM"]
[WhiteElo "2292"]
[BlackElo "2326"]
[WhiteFideId "1551639"]
[BlackFideId "32098952"]
[EventDate "2025.06.17"]

1. e4 g6 2. d4 Bg7 3. Nc3 c6 4. Nf3 d5 5. Bd3 Bg4 6. h3 Bxf3 7. Qxf3 e6 8. exd5
cxd5 9. O-O Nc6 10. Nb5 a6 11. Nc3 Nxd4 12. Qg3 Ne7 13. Bf4 O-O 14. Rfe1 Rc8 15.
Rad1 Nef5 16. Qh2 Qb6 17. Be5 Bxe5 18. Qxe5 Qxb2 19. Nxd5 exd5 20. Bxf5 Rce8 21.
Qxe8 Rxe8 22. Rxe8+ Kg7 23. Bd3 Qxa2 24. Bxg6 hxg6 25. Rxd4 Qa1+ 0-1

[Event "Titled Tue 17th Jun Early"]
[Site "chess.com INT"]
[Date "2025.06.17"]
[Round "2"]
[White "Herman, Daniel"]
[Black "Kislinsky, Alexey"]
[Result "0-1"]
[BlackTitle "GM"]
[WhiteElo "1920"]
[BlackElo "2341"]
[WhiteFideId "30935008"]
[BlackFideId "14108801"]
[EventDate "2025.06.17"]

1. d4 d5 2. Nf3 Nf6 3. g3 e6 4. Bg2 Be7 5. O-O O-O 6. c4 c6 7. Qc2 Nbd7 8. Nbd2
b6 9. e4 dxe4 10. Nxe4 Bb7 11. Ne5 Nxe5 12. dxe5 Nxe4 13. Bxe4 g6 14. Bh6 Re8
15. Rad1 Qc7 16. f4 c5 17. Qg2 Bxe4 18. Qxe4 Rad8 19. Kg2 Rxd1 20. Rxd1 Rd8 21.
Rxd8+ Qxd8 22. Qc6 Bf8 23. Bxf8 Kxf8 24. Kh3 Kg7 25. Qb7 a5 26. b3 h5 27. Qc6
Qd1 28. Kg2 Qe2+ 29. Kg1 Qxa2 30. Qxb6 Qb1+ 31. Kg2 a4 32. Qd8 axb3 33. Qf6+ Kg8
34. Qd8+ Kh7 35. Qf8 Qe4+ 0-1

[Event "Titled Tue 17th Jun Early"]
[Site "chess.com INT"]
[Date "2025.06.17"]
[Round "2"]
[White "Belov, Alexei"]
[Black "Verbovsky, Michal"]
[Result "0-1"]
[WhiteTitle "IM"]
[BlackTitle "CM"]
[WhiteElo "2421"]
[BlackElo "2172"]
[WhiteFideId "4128206"]
[BlackFideId "14934213"]
[EventDate "2025.06.17"]

1. e4 c6 2. d4 d5 3. Nd2 dxe4 4. Nxe4 Nf6 5. Nxf6+ exf6 6. c3 Bd6 7. Bd3 O-O 8.
Ne2 Nd7 9. Qc2 h5 10. Be3 Re8 11. O-O-O Qa5 12. Kb1 Nf8 13. c4 c5 14. dxc5 Bxc5
15. Nd4 Bg4 16. Nb3 Bxd1 0-1

[Event "Titled Tue 17th Jun Early"]
[Site "chess.com INT"]
[Date "2025.06.17"]
[Round "2"]
[White "Srihari, L"]
[Black "Murawski, Jan"]
[Result "1-0"]
[WhiteTitle "IM"]
[BlackTitle "CM"]
[WhiteElo "2353"]
[BlackElo "2164"]
[WhiteFideId "46642056"]
[BlackFideId "21009287"]
[EventDate "2025.06.17"]

1. c4 e6 2. Nc3 d5 3. e3 Nf6 4. Nf3 c5 5. cxd5 exd5 6. Bb5+ Bd7 7. Bxd7+ Qxd7 8.
d4 Nc6 9. O-O c4 10. Ne5 Qe6 11. f4 Bd6 12. Bd2 O-O 13. Rf3 Ne4 14. f5 Qe7 15.
Nxd5 Qh4 16. Rf4 Qg5 17. Rxe4 Bxe5 18. dxe5 Qxf5 19. Qg4 Qxg4 20. Rxg4 Rfd8 21.
e4 Nxe5 22. Rg3 f6 23. Nxf6+ Kf7 24. Nd5 Rac8 25. Rf1+ 1-0

[Event "Titled Tue 17th Jun Early"]
[Site "chess.com INT"]
[Date "2025.06.17"]
[Round "2"]
[White "Ilinca, Felix-Antonio"]
[Black "Bold, Andre"]
[Result "1-0"]
[WhiteTitle "IM"]
[BlackTitle "CM"]
[WhiteElo "2431"]
[BlackElo "2235"]
[WhiteFideId "54764998"]
[BlackFideId "16208471"]
[EventDate "2025.06.17"]

1. d4 d5 2. Nc3 Nf6 3. Bf4 e6 4. Nb5 Na6 5. e3 Be7 6. Nf3 c6 7. Nc3 Nb8 8. Bd3
O-O 9. O-O b5 10. Re1 b4 11. Ne2 a5 12. Ng3 Ba6 13. e4 Bxd3 14. cxd3 Re8 15. Rc1
Qb6 16. Qa4 Nfd7 17. Bxb8 Raxb8 18. Rxc6 Qb5 19. Qxb5 Rxb5 20. Rec1 g6 21. h4 h5
22. Rc7 Nf8 23. Ra7 Bf6 24. Rcc7 dxe4 25. Nxe4 Bh8 26. Nd6 Reb8 27. Nxb5 Rxb5
28. Rxf7 1-0

[Event "Titled Tue 17th Jun Early"]
[Site "chess.com INT"]
[Date "2025.06.17"]
[Round "2"]
[White "Willim, Michael"]
[Black "Swaminathan, Pranav"]
[Result "1-0"]
[WhiteTitle "CM"]
[WhiteElo "2024"]
[BlackElo "2113"]
[WhiteFideId "4632435"]
[BlackFideId "30970482"]
[EventDate "2025.06.17"]

1. c4 Nf6 2. Nf3 e6 3. g3 d5 4. Bg2 d4 5. O-O c5 6. Na3 Nc6 7. Nc2 h6 8. a3 a5
9. b3 Bd6 10. d3 e5 11. e3 O-O 12. exd4 exd4 13. Bb2 Bg4 14. h3 Bf5 15. b4 axb4
16. axb4 Rxa1 17. Bxa1 Nxb4 18. Nxb4 cxb4 19. Nxd4 Bc8 20. Nb5 Bc5 21. d4 Bb6
22. d5 Re8 23. Qf3 Ne4 24. Qf4 Qg5 25. Bxe4 Qxf4 26. gxf4 Rxe4 27. Nd6 Rxf4 28.
Nxc8 Bc5 29. d6 Kf8 30. d7 Be7 31. Re1 Bf6 32. Re8# 1-0

[Event "Titled Tue 17th Jun Early"]
[Site "chess.com INT"]
[Date "2025.06.17"]
[Round "2"]
[White "Robert, Yoann"]
[Black "Szpar, Milosz"]
[Result "0-1"]
[WhiteTitle "CM"]
[BlackTitle "IM"]
[WhiteElo "2203"]
[BlackElo "2495"]
[WhiteFideId "36018805"]
[BlackFideId "1184989"]
[EventDate "2025.06.17"]

1. Nf3 e6 2. c4 Nf6 3. Nc3 c5 4. g3 b6 5. Bg2 Bb7 6. O-O a6 7. Re1 d6 8. e4 Nbd7
9. d3 g6 10. a3 Bg7 11. Rb1 O-O 12. Bd2 Qc7 13. Nh4 Ne5 14. Qc2 Nc6 15. f4 Nd4
16. Qd1 b5 17. b3 Rab8 18. Nf3 Nd7 19. Ne2 Nxf3+ 20. Bxf3 d5 21. e5 dxc4 22.
Bxb7 cxd3 23. Be4 dxe2 24. Qxe2 Rfd8 25. Rec1 Qb6 26. Be3 Bf8 27. Kg2 Qa5 28.
Ra1 Nb6 29. b4 cxb4 30. axb4 Qxb4 31. Rxa6 Qxe4+ 0-1

[Event "Titled Tue 17th Jun Early"]
[Site "chess.com INT"]
[Date "2025.06.17"]
[Round "2"]
[White "Shafer, Logan C"]
[Black "Lazavik, Denis"]
[Result "0-1"]
[WhiteTitle "CM"]
[BlackTitle "GM"]
[WhiteElo "2217"]
[BlackElo "2580"]
[WhiteFideId "30993342"]
[BlackFideId "13515110"]
[EventDate "2025.06.17"]

1. e4 c5 2. Nf3 d6 3. d4 cxd4 4. Nxd4 Nf6 5. Nc3 a6 6. Bg5 e6 7. f4 Be7 8. Qf3
Nbd7 9. O-O-O Qc7 10. Bd3 b5 11. Rhe1 Bb7 12. Bxb5 axb5 13. Ndxb5 Qc5 14. Qd3
O-O 15. Nxd6 Bxd6 16. Qxd6 Qxd6 17. Rxd6 Nc5 18. Bxf6 gxf6 19. g3 Rfc8 20. Kb1
Kf8 21. e5 f5 22. Red1 Ne4 23. Nxe4 Bxe4 24. R1d2 Kg7 25. b3 h5 26. Kb2 h4 27.
gxh4 Rh8 28. c4 Rxh4 29. c5 Rxf4 30. b4 Bd5 31. a3 Rf3 32. c6 Rfxa3 33. c7 Rb3+
34. Kc1 Rc3+ 35. Rc2 Rxc2+ 36. Kxc2 Rc8 37. Rd7 Bc6 38. Rd6 Rxc7 39. Kc3 f4 40.
Kd4 f3 41. Ke3 Bd5 42. b5 Rc2 43. Ra6 f2 44. Ra1 Bc4 0-1

[Event "Titled Tue 17th Jun Early"]
[Site "chess.com INT"]
[Date "2025.06.17"]
[Round "2"]
[White "Santos, Isaque Goncalves"]
[Black "Shubhi Gupta"]
[Result "0-1"]
[BlackTitle "WFM"]
[WhiteElo "1980"]
[BlackElo "2188"]
[WhiteFideId "2103885"]
[BlackFideId "25195425"]
[EventDate "2025.06.17"]

1. d4 d6 2. c4 e5 3. dxe5 dxe5 4. Qxd8+ Kxd8 5. a3 a5 6. b3 c6 7. Bb2 f6 8. h4
Kc7 9. h5 Nd7 10. e4 Bc5 11. Ne2 Nh6 12. f3 Nf7 13. Nbc3 Nf8 14. Na4 Be7 15. c5
Ne6 16. Nb6 Ra7 17. b4 axb4 18. axb4 Rxa1+ 19. Bxa1 Rd8 20. Nc3 Nd4 21. Bc4 Be6
22. Kf2 Bxc4 23. Nxc4 Ng5 24. Nb6 Nge6 25. Ne2 Nxe2 26. Kxe2 Nf4+ 27. Kf2 Rd2+
28. Kf1 Rd1+ 29. Kf2 Rxh1 0-1

[Event "Titled Tue 17th Jun Early"]
[Site "chess.com INT"]
[Date "2025.06.17"]
[Round "2"]
[White "Kozak, Antoni"]
[Black "Marynychenko, Yehor"]
[Result "1-0"]
[BlackTitle "CM"]
[WhiteElo "2426"]
[BlackElo "2183"]
[WhiteFideId "21832030"]
[BlackFideId "34160558"]
[EventDate "2025.06.17"]

1. e4 c5 2. Nf3 Nc6 3. c3 d5 4. exd5 Qxd5 5. Bb5 e5 6. O-O Nf6 7. Nxe5 Qxe5 8.
Re1 Ne4 9. d3 Be7 10. Rxe4 Qc7 11. Bg5 Be6 12. Bxe7 Qxe7 13. Nd2 O-O 14. Nf3
Rad8 15. Qe2 Qd6 16. h3 Bf5 17. Re3 a6 18. Bxc6 Qxc6 19. d4 b5 20. dxc5 Qxc5 21.
Re5 Qc8 22. Nd4 Bg6 23. a3 h6 24. Re1 Kh7 25. h4 h5 26. Qf3 f6 27. Re7 Qc5 28.
Qb7 Rd5 29. Ne6 Qc4 30. Nxf8+ Kh6 31. Rxg7 1-0

[Event "Titled Tue 17th Jun Early"]
[Site "chess.com INT"]
[Date "2025.06.17"]
[Round "2"]
[White "Skiadopoulos, Nikolaos"]
[Black "Alonso, Raphael V. P. Patricio"]
[Result "0-1"]
[WhiteTitle "CM"]
[WhiteElo "1882"]
[BlackElo "2130"]
[WhiteFideId "4200772"]
[BlackFideId "2108585"]
[EventDate "2025.06.17"]

1. e4 g6 2. d4 Bg7 3. Be2 d6 4. Be3 c6 5. c4 Nd7 6. f4 c5 7. Nf3 cxd4 8. Bxd4
Ngf6 9. Nc3 O-O 10. O-O Nc5 11. Bxc5 dxc5 12. Qxd8 Rxd8 13. e5 Ng4 14. Rad1 Be6
15. Rxd8+ Rxd8 16. Rd1 Rxd1+ 17. Nxd1 f6 18. h3 Nh6 19. exf6 exf6 20. g4 Nf7 21.
Nc3 Bh6 22. Ne4 Bxf4 23. Nxc5 Be3+ 24. Kg2 Bxc5 25. b3 Ne5 26. Nxe5 fxe5 27. Kf3
Bd4 28. Ke4 Kg7 29. h4 h6 30. Bf3 Kf6 31. Be2 Bd7 32. a4 Bc6+ 33. Kd3 Bf2 34. h5
e4+ 35. Kc3 gxh5 36. gxh5 a5 37. b4 axb4+ 38. Kxb4 Kg5 39. a5 Be1+ 40. Kc5 Bxa5 0-1

[Event "Titled Tue 17th Jun Early"]
[Site "chess.com INT"]
[Date "2025.06.17"]
[Round "2"]
[White "Seyidli, Mirsaleh"]
[Black "Chiang, Jacob"]
[Result "0-1"]
[WhiteTitle "CM"]
[WhiteElo "1996"]
[BlackElo "2006"]
[WhiteFideId "13445219"]
[BlackFideId "30962331"]
[EventDate "2025.06.17"]

1. d4 Nf6 2. Nf3 e6 3. e3 c5 4. b3 cxd4 5. e4 Nxe4 6. Qxd4 d5 7. Bb5+ Nc6 8.
Bxc6+ bxc6 9. Bb2 Bc5 10. Qxg7 Bxf2+ 11. Kd1 Rf8 12. Rf1 Ba6 13. Rh1 Bb6 14. Bd4
Bxd4 15. Qxd4 Rg8 16. g3 Qb6 17. Qxb6 axb6 18. Kc1 f6 19. Nd4 Kd7 20. Re1 c5 21.
Nf3 Bb7 22. Kb2 h5 23. a4 Kd6 24. Na3 Bc6 25. Rad1 Kc7 26. c4 d4 27. Nb5+ Bxb5
28. cxb5 f5 29. Ne5 h4 30. g4 Nf2 31. Rd2 Nxg4 32. Nxg4 fxg4 33. Rxe6 Rae8 34.
Rc6+ Kb7 35. Rh6 g3 36. Rg2 d3 37. Kc3 Re2 38. Rg1 d2 39. Rxh4 Re1 40. Rh7+ Kc8 0-1